Elementary statistics with general Applications /

Đã lưu trong:
Sonraí Bibleagrafaíochta
Príomhúdar: Blair, Morris Myers
Formáid: Sách giấy
Teanga:Vietnamese
Foilsithe: New York : Henry Holt , 1952
Clibeanna: Cuir Clib Leis
Gan Chlibeanna, Bí ar an gcéad duine leis an taifead seo a chlibeáil!
Thư viện lưu trữ: Thư viện Trường Đại học Đà Lạt
LEADER 00599nam a2200253 4500
001 DLU020013761
005 ##6/20/2000
020 # # |a 978- 
041 # # |a vie 
082 # # |a 519.5  |b BL-M 
090 # # |a 519.5  |b BL-M 
100 # # |a Blair, Morris Myers 
245 # # |a Elementary statistics with general Applications /  |c Blair Morris Myers 
260 # # |a New York :  |b Henry Holt ,  |c 1952 
300 # # |a 735 tr.;   |c 22 cm. 
992 # # |a 735 
994 # # |a DLU 
900 # # |a False 
911 # # |a Administrator 
925 # # |a G 
926 # # |a A 
927 # # |a SH 
980 # # |a Thư viện Trường Đại học Đà Lạt